00418nam a2200157Ia 4500003000400000008004100004040001600045082001300061100002000074245005200094260005000146300001000196490002500206650001300231650001600244GCL140319s9999 xx 000 0 eng d aGCL / cGCL04a927bS V1 aSWEETMAN, DAVID10aUNE VIE DE VINCENT VAN GOGH / cSWEETMAN, DAVID a[S.N] : bPRESSES DE LA RENAISSANCE ، c1990 a567 P aLE LIVRE DE POCHEv004aVAN GOGH04aBIOGRAPHIES